| 000 | 00516nam a2200169 a 4500 | ||
|---|---|---|---|
| 001 | 000048603 | ||
| 005 | 20201002061253.0 | ||
| 008 | 190402s2014 dr 000 0 spa d | ||
| 020 | _a9789993439684 | ||
| 040 |
_aDO-SdBNP _bspa _cBNPHU |
||
| 082 |
_axx _bxx |
||
| 100 | 1 |
_aBáez Melo, Juan Emilio _964861 |
|
| 245 | 1 | 0 |
_aComo aquel día : _banecdotario matancero / _cJuan Emilio Báez Melo. |
| 260 |
_aSanto Domingo : _bLibrería la Trinitaria, _c2014. |
||
| 300 |
_a100 p. ; _c23 cm. |
||
| 590 | _aInventariado, 2019/VM | ||
| 999 |
_c48091 _d48091 |
||